Word Ladder: 'News' Crews Quiz Stats

 Plays Quiz Updated Oct 13, 2015

Challenge
Share
Tweet
Embed
Score 0/32 Timer 03:00
0 Plays Today
Clue 4-Letter Word % Correct
___ ColadaPIÑA
97.2%
Common cause of smokeFIRE
96.8%
An evergreenPINE
95.7%
Segment of a windowPANE
95.6%
Home to a birdNEST
95.6%
Weekend Update Co-Host FeyTINA
95.1%
Cry from Tiger WoodsFORE
94.9%
A sum imposed for an offenseFINE
94.8%
A prank or humorJOKE
94.7%
Actor Gyllenhaal or BuseyJAKE
93.6%
Weekend Update Co-Host CurtinJANE
92.4%
A document with blanks to fill inFORM
91.9%
Merlot or Chardonnay, e.g.WINE
91.8%
Request of a genieWISH
91.7%
One-third of a tridentTINE
91.6%
Not crazySANE
90.7%
Clue 4-Letter Word % Correct
A trig functionSINE
89.5%
LearnédWISE
87%
Alongside ofWITH
86.1%
Enemy of the JediSITH
85.4%
Weekend Update Host MeyersSETH
84.4%
Canseco of MLBJOSÉ
84.2%
Weekend Update Host MacdonaldNORM
81.5%
A prank or humorJEST
79.7%
Weekend Update Co-Host ColinJOST
73.4%
This one and that oneBOTH
71.6%
Word found in the names of many SynagoguesBETH
69.3%
Chris of the Miami HeatBOSH
66.3%
A small bite to eatNOSH
65.2%
Thomas, the political cartoonistNAST
63.8%
John, the subject of 'A Beautiful Mind'NASH
63.4%
Weekend Update Co-Host HoratioSANZ
37.4%

Today's Daily Dose

You're not logged in!

Compare scores with friends on all Sporcle quizzes.
OR
Log In

You Might Also Like...

Show Comments

Extras

Top Quizzes Today


Score Distribution

Your Account Isn't Verified!

In order to create a playlist on Sporcle, you need to verify the email address you used during registration. Go to your Sporcle Settings to finish the process.

Report this User

Report this user for behavior that violates our Community Guidelines.

Details: